PARK'S TEXT BOOK OF PREVENTIVE AND SOCIAL MEDICINE (Record no. 34747)
[ view plain ]
| 000 -LEADER | |
|---|---|
| fixed length control field | 00433nam a22001697a 4500 |
| 003 - CONTROL NUMBER IDENTIFIER | |
| control field | SGT |
| 020 ## - INTERNATIONAL STANDARD BOOK NUMBER | |
| International Standard Book Number | 9789382219262 |
| 082 ## - DEWEY DECIMAL CLASSIFICATION NUMBER | |
| Classification number | 614.44 |
| Item number | P25P |
| 100 ## - MAIN ENTRY--PERSONAL NAME | |
| Personal name | PARK.K |
| 245 ## - TITLE STATEMENT | |
| Title | PARK'S TEXT BOOK OF PREVENTIVE AND SOCIAL MEDICINE |
| 250 ## - EDITION STATEMENT | |
| Edition statement | 28TH |
| 260 ## - PUBLICATION, DISTRIBUTION, ETC. (IMPRINT) | |
| Place of publication, distribution, etc | JABALPUR |
| Name of publisher, distributor, etc | BANARSI DAS BHANOT PUB. |
| Year of Publication | 2025 |
| 300 ## - PAGE DESCRIPTION | |
| No. of Pages | 1060 |
| 650 ## - SUBJECT ADDED ENTRY--TOPICAL TERM | |
| Topical term or geographic name as entry element | PREVENTIVE MEDICINE |
| 653 ## - KEYWORDS--INDEX TERM | |
| Keyword term | PARK'S, PREVENTIVE, SOCIAL, MEDICINE |
| 942 ## - ADDED ENTRY ELEMENTS (KOHA) | |
| Source of classification or shelving scheme | Dewey Decimal Classification |
| Koha item type | Books |
| Withdrawn status | Lost status | Source of classification or shelving scheme | Damaged status | Use restrictions | Not for loan | Collection code | Home library | Current library | Shelving location | Date acquired | Vendor Name | Cost, normal purchase price | SGTU | Bill Number | Total Checkouts | Full call number | Accession No. (Barcode) | Date last seen | Bill Date | Koha item type |
|---|---|---|---|---|---|---|---|---|---|---|---|---|---|---|---|---|---|---|---|---|
| Dewey Decimal Classification | Restricted Access | AYURVEDA | SGT FA-FP Library | SGT FA-FP Library | Text Book | 30/04/2026 | ABC PVT. LTD. | 1800.00 | SGTU | 22849 | 614.44 P25P | FA13460 | 30/04/2026 | 08/04/2026 | Books | |||||
| Dewey Decimal Classification | AYURVEDA | SGT FA-FP Library | SGT FA-FP Library | Text Book | 30/04/2026 | ABC PVT. LTD. | 1800.00 | SGTU | 22849 | 614.44 P25P | FA13461 | 30/04/2026 | 08/04/2026 | Books | ||||||
| Dewey Decimal Classification | AYURVEDA | SGT FA-FP Library | SGT FA-FP Library | Text Book | 30/04/2026 | ABC PVT. LTD. | 1800.00 | SGTU | 22849 | 614.44 P25P | FA13462 | 30/04/2026 | 08/04/2026 | Books |